000 00951cam a2200217 a 4500
001 11881992
005 20241127154424.0
008 000105s1998 gh a b 100 0 eng
020 _a9781311118
050 0 0 _aSB129
_b.P69 1998
082 0 0 _a631.5/6/0966
_221
245 1 0 _aPostharvest technology and commodity marketing :
_bproceedings of a postharvest conference 2 Nov. to 1 Dec. 1995, Accra, Ghana /
_cedited by R.S.B. Ferris.
260 _aIbadan, Nigeria :
_bInternational Institute of Tropical Agriculture,
_cc1998.
300 _a300 p. :
_bill. ;
_c28 cm.
500 _a"Proceedings, Conference on Postharvest Technology and Commodity Marketing in West Africa"--T.p. verso.
650 0 _aCrops
_xPostharvest technology
_zAfrica, Sub-Saharan
_vCongresses.
650 0 _aFarm produce
_zAfrica, Sub-Saharan
_xMarketing
_vCongresses.
700 1 _aFerris, R. S. B.
710 2 _aInternational Institute of Tropical Agriculture.
942 _2lcc
_cBK
_n0
999 _c1641
_d1641